Statistics for Countries That End in 'M', 'Q', or 'T'

Click here to take the quiz!

General Stats

  • This quiz has been taken 600 times
  • The average score is 3 of 6

Answer Stats

Country% Correct
QIraq
92%
MVietnam
57%
TKuwait
54%
MBelgium
43%
TEgypt
39%
MUnited Kingdom
28%

Score Distribution

Percentile by Number Answered

Percent of People with Each Score

Your Score History

You have not taken this quiz